1632 1757 1931 1056 1857 1510 1753 1115 1519 1486 1577 1741 1665 1872 1660 1668 1454 1420 1118 1668 1901 1245 1416 1577 1944 1454 1032 1244 1336 1795 1870 1287 1887 1708 1184 1981 1553 1740 1586 1906 1380 1050 1554 1109 1410 1886 1366 1604 1881 1258 1688 1151 1464 1211 1207 1581 1476 2000 1926 1921 1013 1616 1980 1634 1532 1927 1130 1461 1969 1646 1789 1764 1858 1294 1873 1118 1020 1267 1954 1862 1793 1706 1866 1519 1840 1009 1392 1892 1536 1031 1401 1296 1884 1422 1465 1323 1071 1181 1196 BCNSPRNW ULIB Ver.6.0+V

เปลี่ยนเป็นภาษาไทย

Change to English
 แสดงรายละเอียดบรรณานุกรม
  กลับหน้าหลัก

Brief Record : Get Marc (ISO 2709) : E-mail record : QR code < ปิดหน้าต่าง
LEADER : 00000nam 2200000uu 4500
001    13399121202
003     ULIB
008    121108s2548||||th 000 0 tha d
020    ^a9749355350
020    9789749355350
050  4 ^aHD37^bส111ก
100 1  ^aลุกซ์, ริชาร์ด.
245 10 ^aการบริหารจัดการทีมงาน =^bCreating teams with an edge /^cRichard Luecke, Jeff Polzer ; แปลและเรียบเรียง : สุรีพร พึ่งพุทธคุณ.
246 31 ^aCreating teams with an edge
250    ^aพิมพ์ครั้งที่ 1
260    ^aกรุงเทพฯ :^bเอ็กซเปอร์เน็ท,^c2548
300    ^a275 หน้า :^bแผนภูมิ ;^c23 ซม.
440  0 ^aHarvard business essentials
650  7 ^aการทำงานเป็นทีม.
650  7 ^aการบริหารงานบุคคล.
700 0  ^aสุรีพร พึ่งพุทธคุณ,^eผู้แปล.
700 1  ^aPolzer, Jeff.
852    ^aคณะบริหารธุรกิจ
945    ^p280^l0^i24039
945    ^p280^l0^i20328
999 ^a วิภา
รายการนี้ยังไม่มีแท็ก
คุณยังไม่ได้ล็อกอิน คุณสามารถมีกิจกรรมร่วมกับเว็บไซต์ได้ แต่ต้องล็อกอินก่อน ::
  ล็อกอิน

รายการสื่อสารสนเทศ

ลำดับที่ ประเภท เลขเรียก/บาร์โค้ด สถานที่ สถานะ
1. การศึกษาทั่วไป
การศึกษาทั่วไป
HD37 ส111ก  
  Barcode: 24039
ห้องสมุดวิทยาเขตนครสวรรค์
►หนังสือทั่วไป:l:General Books
บนชั้น
2. การศึกษาทั่วไป
การศึกษาทั่วไป
HD37 ส111ก ฉ.2 
  Barcode: 20328
ห้องสมุดวิทยาเขตนครสวรรค์
►หนังสือทั่วไป:l:General Books
บนชั้น

รายการใกล้เคียง
    หัวเรื่อง [การทำงานเป็นทีม.]

BibComment


ยังไม่เคยถูกคอมเมนท์

คอมเมนท์ทรัพยากรรายการนี้
  คอมเมนท์: การบริหารจัดการท..


 Copyright 2026. Bcnsprnw @Library